000 00453nam a2200145Ia 4500
008 100204s9999 xx 000 0 und d
082 _b5269
100 _aभट वसंत दामोदर
245 _aसप्तम स्थान
260 _b"मीना वसंत भट , पुणे"
_c1981
300 _a134
630 _aसप्तम स्थान
730 _aसप्तम स्थान
942 _cBOOK
999 _c449886
_d449883